| 000 | 00630nam a2200193Ii 4500 | ||
|---|---|---|---|
| 003 | JO-AjNU | ||
| 008 | 230606s9999||||xx |||||||||||||| ||und|| | ||
| 040 |
_aJO-AjNU _beng _erda _cJO-AjNU |
||
| 041 | _aeng | ||
| 050 | 1 | 4 | _aHD4420.8.E87.1980 |
| 100 | 3 |
_aArmstrong,Aubrey/Stane Mozina, _eauthor _92978 |
|
| 245 | 0 | 0 | _aMANAGING TRAINHNG AND TRAINING MANAGERS IN PUBLIC ENTERPRISES IN DEVELOPING COUNTRIES |
| 264 | 3 | 1 | _aInternational Center for public enterprises.1980 |
| 300 | _a284p | ||
| 336 |
_atext _btxt _2rdacontent |
||
| 337 |
_aunmediated _bn _2rdamedia |
||
| 338 |
_avolume _bnc _2rdacarrier |
||
| 650 | 4 |
_aMANAGING _92979 |
|
| 999 |
_aE1560 _c1560 _d1560 |
||